Restraining rage: the ideology of anger control in classical antiquity
Shranjeno v:
| Glavni avtor: | |
|---|---|
| Format: | Knjiga |
| Jezik: | angleščina |
| Izdano: |
Cambridge
Harvard University Press
2001
|
| Izdaja: | 1a. ed |
| Teme: | |
| Oznake: |
Označite
Brez oznak, prvi označite!
|
MARC
| LEADER | 00000cam a2200000 a 4500 | ||
|---|---|---|---|
| 001 | UCD8786 | ||
| 003 | CL-VaPUC | ||
| 008 | 170527e20010000us |||||||||||||||||eng|d | ||
| 020 | |a 0674006186 | ||
| 082 | 0 | 4 | |a 152.47 |b HAR |2 21 |
| 100 | |a Harris, William Vernon |e autor |9 592290 | ||
| 245 | 1 | 0 | |a Restraining rage: the ideology of anger control in classical antiquity |
| 250 | |a 1a. ed | ||
| 300 | |a 468 p | ||
| 942 | |c BK | ||
| 945 | |d 20170527 00:32:00 |a dcastane | ||
| 260 | |a Cambridge |b Harvard University Press |c 2001 | ||
| 650 | 0 | |a Ira |9 317589 | |
| 650 | 0 | |a Psicología del desarrollo |9 307541 | |
| 650 | 0 | |a Investigación histórica |9 344844 | |
| 650 | 7 | |a INVESTIGACION PSICOLOGICA |2 CL-VaPUC |9 309030 | |
| 583 | |a last modification |c 20170527 00:32:00 |k Rodrigo Vera | ||
| 999 | |c 368095 |d 368093 | ||
| 952 | |0 0 |1 0 |3 erd |4 0 |6 152_470000000000000_HAR_2001 |7 0 |8 A |9 483354 |a FDOLAF |b FDOLAF |e Laffi, Umberto, 1939- |i 5392012 |o 152.47 HAR 2001 |p 5392012 |r 2024-01-30 |w 2019-11-24 |y BK |z Catalogado en:20170527 |k LAF | ||